Education for Sustaining Peace through Historical Memory (Record no. 19855)
[ view plain ]
| 000 -LEADER | |
|---|---|
| fixed length control field | 00614nam a2200121Ia 4500 |
| 008 - FIXED-LENGTH DATA ELEMENTS--GENERAL INFORMATION | |
| fixed length control field | 220616s9999||||xx |||||||||||||| ||und|| |
| 100 ## - MAIN ENTRY--PERSONAL NAME | |
| Personal name | Schultze-Kraft, Markus |
| 245 #0 - TITLE STATEMENT | |
| Title | Education for Sustaining Peace through Historical Memory |
| 546 ## - LANGUAGE NOTE | |
| Language note | English[eng] |
| 650 ## - SUBJECT ADDED ENTRY--TOPICAL TERM | |
| Topical term or geographic name entry element | peace education||sustainable peace||sustaining peace||historical memory||Sustainable Development Goals (SDGs)||Colombia||violent conflict-affected countries||historical memory of a violent conflict||promoting sustainable peace||SDG 16 |
| 856 ## - ELECTRONIC LOCATION AND ACCESS | |
| Uniform Resource Identifier | <a href="https://library.oapen.org/bitstream/20.500.12657/53356/1/978-3-030-93654-9.pdf">https://library.oapen.org/bitstream/20.500.12657/53356/1/978-3-030-93654-9.pdf</a> |
| 942 ## - ADDED ENTRY ELEMENTS (KOHA) | |
| Koha item type | E-Books |
| Withdrawn status | Lost status | Damaged status | Not for loan | Home library | Current library | Date acquired | Total Checkouts | Date last seen | Price effective from | Koha item type |
|---|---|---|---|---|---|---|---|---|---|---|
| Kerala University of Digital Sciences, Innovation and Technology Knowledge Centre | Kerala University of Digital Sciences, Innovation and Technology Knowledge Centre | 16/06/2022 | 16/06/2022 | 16/06/2022 | E-Books |